Normal view
MARC view
Entry Topical Term
001 - CONTROL NUMBER
- control field: 100240
003 - CONTROL NUMBER IDENTIFIER
- control field:
005 - DATE AND TIME OF LATEST TRANSACTION
- control field: 20210601183726.0
008 - FIXED-LENGTH DATA ELEMENTS
- fixed length control field: 210601|| aca||aabn | a|a d
040 ## - CATALOGING SOURCE
- Original cataloging agency:
- Transcribing agency:
150 ## - HEADING--TOPICAL TERM
- Topical term or geographic name entry element: Criticism
- General subdivision: Addresses, essays, lectures etc
670 ## - SOURCE DATA FOUND
- Source citation: Work cat.: (): Mullik, B.R. 100237, Principles of criticism and great critics/, 1958
